| 000 | 00752nam a2200241 i 4500 | ||
|---|---|---|---|
| 001 | 16303 | ||
| 003 | ES-MaACL | ||
| 005 | 20250803063031.0 | ||
| 007 | t| | ||
| 008 | 000828s1993 sp ||||1| spa d | ||
| 020 | _a84-7509-931-9 | ||
| 080 | _a1(081) Benjamin, Walter | ||
| 100 | 1 |
_aBenjamin, Walter, _d1892-1940 _9241507 |
|
| 245 | 1 | 3 |
_aLa metafísica de la juventud / _cWalter Benjamin ; introducción de Ana Lucas. |
| 250 | _a1ª ed. | ||
| 260 |
_aBarcelona : _bPaidós Ibérica, _c1993. |
||
| 300 |
_a189 p. ; _c20 cm. |
||
| 490 | 1 |
_aPensamiento contemporáneo ; _v27 |
|
| 700 | 1 |
_aLucas, Ana. _974521 |
|
| 830 | 0 |
_aPensamiento contemporáneo ; _v27 _9179725 |
|
| 852 |
_aES-MaACL _jL-23566 _bR.128693 |
||
| 999 |
_c16303 _d16303 |
||